Responses for show #4155 - Friday, September 27, 2002

Contestants

[<< previous game]

Tim Mhyre, a neuroscientist from Webster, New York

Ted Barry, an assistant district attorney from Gladwyne, Pennsylvania

Brandon Sawyer, a writer from Los Angeles, California (whose 1-day cash winnings total $4,801)

[next game >>]

Jeopardy! Round responses

VOLCANOES
2-LETTER SCRABBLE WORDS
(Alex: Sounds easy!)
ORGANIZED CRIME
BRAND NAMES
WAR & PEACE SONGS
TAKE MY WIFE, PLEASE
(Alex: We will name the wife & give you the years of marriage; you have to identify the husband.)
    $200 21
Hawaiian

Tim
    $200 26
oy

Tim
    $200 7
(Ted: What are the Untouchables?)

Al Capone

Ted
Triple Stumper
    $200 2
NyQuil

Brandon
    $200 1
Bruce Springsteen

Ted
    $200 16
William Shakespeare

Tim
    $400 22
Krakatoa

Tim
    $400 27
om

Tim
    $400 8
Meyer Lansky

Tim
    $400 12
Bic

Tim
    $400 3
The Eagles

Tim
    $400 17
(Tim: Who is...)

Mike Tyson

BrandonTim
    $600 23
(Ted: What is Scotland?)

Iceland

Ted
Triple Stumper
    $600 28
id

Ted
    $600 9
John Gotti

Tim
    $600 13
(Ted: Who is Betty Crocker?)

Aunt Jemima

BrandonTed
    $600 4
"Give Peace A Chance"

Brandon
    $600 18
Nelson Mandela

Tim
    $800 24
(Alex: Less than a minute, now.)

Vulcan

Tim
    $800 29
Jo

Brandon
    $800 10
Dutch Schultz

Triple Stumper
    $800 14
Roman Meal bread

Brandon
    $800 5
"Peace Train"

Ted
    $800 19
Paul McCartney

Tim
    $1000 25
Mexico

Triple Stumper
    $1000 30
xi

Tim
    $1000 11
(Tim: Who is Giancano?)

Sam Giancana

TedTim
    $1000 15
(Alex: Mr. Clean "Will Get Rid of Dirt & Grease & Grime in Just A Minute", & we have to take a break a little longer than a minute!)

Mr. Clean

Tim
    $1000 6
Elvis Costello

Ted
    $1,000 20
Pierre Curie

Tim

Scores at the first commercial break (after clue 15):

Brandon Ted Tim
$2,200 $2,200 $1,800

Scores at the end of the Jeopardy! Round:

Brandon Ted Tim
$3,400 $2,200 $7,000

Double Jeopardy! Round responses

A DICKENS OF A STORY
(Alex: Yes, of course!)
INTERNATIONAL ROAD VEHICLE STICKERS
(Alex: You have to identify the country.)
AT THE MOVIES
HERE'S TO WATER
"E.B."
THE END OF THE LINE
    $400 21
(Brandon: What is "Great Expectations?")

"David Copperfield"

Brandon
Triple Stumper
    $400 26
(Tim: What is Croatia?)

Costa Rica

Tim
Triple Stumper
    $400 11
Charlotte's Web

Brandon
    $400 6
39 degrees

Ted
    $400 16
Early Bird

Ted
    $400 1
tight end

Ted
    $800 22
"Oliver Twist"

Ted
    $800 27
(Brandon: What is Germany?)
(Tim: What is Great Britain?)

Greece

BrandonTim
Triple Stumper
    $800 12
The Sting

Tim
    $800 7
(Tim: What is Detroit?)

Chicago

TedTim
    $800 17
Encyclopedia Britannica

Tim
    $800 2
pulley

Tim
    $1200 23
(Alex: A minute to go now, Ted.)

Madame Defarge

Triple Stumper
    $1200 28
Republic of Korea (South Korea)

Ted
    $1200 13
Blade Runner

Ted
    $1200 8
Baden-Baden

Triple Stumper
    $1200 18
Ernie Banks

Tim
    $1200 3
inspection

Triple Stumper
    $3,500 24
(Ted: I don't know.)

"Bleak House"

Ted
    $1600 29
(Tim: What is New Zealand?)

Zimbabwe

BrandonTim
    $1600 14
The Seventh Seal

Triple Stumper
    $1600 9
Artesian well

Tim
    $3,400 19
East Berlin

Tim
    $1600 4
Round Top

Ted
    $2000 25
(Ted: What is "A Christmas Carol?")

"The Cricket on the Hearth"

Ted
Triple Stumper
    $2000 30
the Netherlands (Holland)

Ted
    $2000 15
(Alex: That was his real name, & he was starring in the film "Arsenic and Old Lace".)

Cary Grant

Brandon
    $2000 10
Archimedes' screw

Tim
    $2000 20
Ebenezer Baptist Church

Ted
    $2000 5
(Tim: What is the Saxon line?)

Capetian dynasty

Tim
Triple Stumper

Scores at the end of the Double Jeopardy! Round:

Brandon Ted Tim
$6,200 $7,500 $12,000

[wagering suggestions for these scores]

Final Jeopardy! Round responses

THE EAST COAST
BrandonWhat is Riker's Island
$2,800
TedWhat is Staten's Island?
$7,498
TimWhat is Governor's Island?
$3,001
Martha's Vineyard

Final scores:

Brandon Ted Tim
$3,400 $2 $8,999
2nd place: $2,000 3rd place: $1,000 New champion: $8,999

Game dynamics:

Coryat scores:

Brandon Ted Tim
$6,200 $11,000 $10,200
9 R,
2 W
15 R,
5 W
(including 1 DD)
22 R
(including 2 DDs),
7 W

Combined Coryat: $27,400

The J! Archive is created by fans, for fans. The Jeopardy! game show and all elements thereof, including but not limited to copyright and trademark thereto, are the property of Jeopardy Productions, Inc. and are protected under law. This website is not affiliated with, sponsored by, or operated by Jeopardy Productions, Inc. Join the discussion at JBoard.tv.